[Event "V Open B"]
[Site "Assisi ITA"]
[Date "2010.12.17"]
[Round "2"]
[White "Federici, Giacomo"]
[Black "Rybytskyi, Stepan"]
[Result "0-1"]
[WhiteElo "1356"]
[BlackElo "1536"]
[PlyCount "100"]
[EventDate "2010.12.17"]

1. d4 d5 2. c4 e6 3. Nc3 Nf6 4. e3 Bb4 5. Bd2 O-O 6. Bd3 b6 7. Nge2 Bb7 8. Qc2
c5 9. Nb5 Bxd2+ 10. Qxd2 dxc4 11. Bxc4 Bxg2 12. Rg1 Be4 13. Nec3 Bg6 14. Bd3
Nc6 15. Bxg6 fxg6 16. O-O-O cxd4 17. Nxd4 Nxd4 18. exd4 Qc7 19. f3 Rac8 20. Kb1
Nd5 21. Nxd5 exd5 22. Qe2 Rce8 23. Qf2 Qf4 24. Rd3 Qf5 25. Rgd1 Re7 26. Ka1
Ref7 27. Re3 Qh5 28. Rde1 Rxf3 29. Rxf3 Qxf3 30. Qxf3 Rxf3 31. Rd1 g5 32. a3
Rf4 33. Ka2 h5 34. Rd3 h4 35. h3 Kh7 36. Kb3 Kh6 37. Kc3 Kh5 38. Re3 g6 39. a4
g4 40. Re5+ Rf5 41. hxg4+ Kxg4 42. Re1 g5 43. Rg1+ Kh3 44. Kd3 Kh2 45. Rg4 Kh3
46. Rg1 Rf3+ 47. Kc2 Rg3 48. Re1 Kg2 49. Re2+ Kf3 50. Kd2 Rg2 0-1

[Event "V Open B"]
[Site "Assisi ITA"]
[Date "2010.12.17"]
[Round "2"]
[White "Fierro Baquero, Martha Lorena"]
[Black "Tortolini, Francesco"]
[Result "0-1"]
[WhiteElo "2363"]
[BlackElo "1914"]
[PlyCount "106"]
[EventDate "2010.12.17"]

1. c4 e6 2. g3 g6 3. Bg2 Bg7 4. Nc3 Ne7 5. e4 c6 6. d4 d5 7. cxd5 exd5 8. exd5
cxd5 9. Nge2 Nbc6 10. O-O O-O 11. Bg5 h6 12. Be3 Bg4 13. f3 Be6 14. g4 f5 15.
Qd2 Kh7 16. Nf4 Bf7 17. g5 h5 18. Rfe1 Qd7 19. Rac1 Rfe8 20. Bf2 Na5 21. b3
Nec6 22. Na4 b6 23. Nb2 Qd6 24. Bf1 Qb4 25. Qxb4 Nxb4 26. Rxe8 Rxe8 27. Rc7 Kg8
28. Bb5 Rd8 29. a3 Nxb3 30. Ne2 a6 31. Bd7 Nc2 32. Rxc2 Rxd7 33. Rc8+ Kh7 34.
Nd3 Re7 35. Rc2 Be8 36. Rb2 Bb5 37. Rxb3 Rxe2 38. Nf4 Rd2 39. a4 Bxa4 40. Rxb6
Rxf2 41. Rxa6 Bxd4 42. Ne6 Rd2+ 43. Nxd4 Rxd4 44. Kf2 Rb4 45. Ra7+ Kg8 46. Ke3
Be8 47. Re7 Bf7 48. Ra7 Rb3+ 49. Kf4 d4 50. Rd7 d3 51. Ke5 Rb5+ 52. Kd4 Rd5+
53. Rxd5 Bxd5 0-1

[Event "V Open B"]
[Site "Assisi ITA"]
[Date "2010.12.17"]
[Round "2"]
[White "Marcugini, Stefano"]
[Black "Ferri, Fabio"]
[Result "0-1"]
[WhiteElo "1834"]
[BlackElo "1810"]
[PlyCount "88"]
[EventDate "2010.12.17"]

1. e4 d5 2. exd5 Nf6 3. d4 Nxd5 4. Nf3 Bg4 5. h3 Bh5 6. c4 Nb6 7. g4 Bg6 8. Nc3
Nc6 9. Be3 e6 10. Ne5 Nxe5 11. dxe5 Bb4 12. Qb3 Be4 13. Rg1 Qe7 14. O-O-O Bc6
15. Bg2 O-O 16. f4 Bc5 17. Bxc5 Qxc5 18. Bxc6 bxc6 19. Ne4 Qa5 20. Rg3 Rfb8 21.
c5 Na4 22. Qa3 Rxb2 23. Rb3 Rxb3 24. axb3 Nxc5 25. Qxc5 Qa1+ 26. Kc2 Qa2+ 27.
Kc3 Qe2 28. Qd4 h6 29. Qd3 Qa2 30. Qc4 Rb8 31. Qa4 Qe2 32. Rd2 Qe3+ 33. Rd3
Qc1+ 34. Kd4 Rd8+ 35. Nd6 cxd6 36. Ke4 Qe1+ 37. Re3 Qh1+ 38. Rf3 Qb1+ 39. Ke3
dxe5 40. Qc4 exf4+ 41. Rxf4 Qe1+ 42. Kf3 Rd2 43. g5 Rf2+ 44. Kg4 Qg1+ 0-1

[Event "V Open B"]
[Site "Assisi ITA"]
[Date "2010.12.17"]
[Round "2"]
[White "Pulcini, Lorenzo"]
[Black "Bartoli Langeli, Cesare"]
[Result "1/2-1/2"]
[WhiteElo "1515"]
[BlackElo "1410"]
[PlyCount "38"]
[EventDate "2010.12.17"]

1. e4 d6 2. d4 Nf6 3. Nc3 c6 4. Bd3 Bg4 5. Nge2 e6 6. O-O Nbd7 7. Be3 Qb6 8. f3
Bh5 9. e5 dxe5 10. Bf2 exd4 11. Bxd4 Bc5 12. Bxc5 Qxc5+ 13. Kh1 O-O-O 14. Nf4
Bg6 15. Qe2 Bxd3 16. Nxd3 Qf5 17. Ne4 Nxe4 18. fxe4 Qg6 19. Nf4 Qh6 1/2-1/2

[Event "V Open B"]
[Site "Assisi ITA"]
[Date "2010.12.17"]
[Round "2"]
[White "Rocchetti, Sergio"]
[Black "Paragliola, Gennaro"]
[Result "1-0"]
[WhiteElo "1422"]
[BlackElo "1614"]
[PlyCount "33"]
[EventDate "2010.12.17"]

1. d4 Nf6 2. Nf3 g6 3. c4 d6 4. Nc3 Bg7 5. e3 O-O 6. Be2 Nc6 7. d5 Ne5 8. Nxe5
dxe5 9. Qc2 e6 10. e4 c6 11. Bg5 exd5 12. cxd5 h6 13. Bxf6 Bxf6 14. O-O cxd5
15. Nxd5 Bg7 16. Rad1 f5 17. Nc7 1-0

[Event "V Open B"]
[Site "Assisi ITA"]
[Date "2010.12.17"]
[Round "2"]
[White "Schintu, Enrico"]
[Black "Romano, Claudio"]
[Result "0-1"]
[WhiteElo "1700"]
[BlackElo "1749"]
[PlyCount "68"]
[EventDate "2010.12.17"]

1. d4 Nf6 2. c4 c5 3. d5 d6 4. Nc3 Bf5 5. Nf3 h6 6. Nd2 e5 7. e4 Bh7 8. Be2 Be7
9. O-O O-O 10. a3 Nbd7 11. b4 Rc8 12. f3 cxb4 13. axb4 Qb6+ 14. Kh1 Qxb4 15.
Nb5 Qc5 16. Nb3 Qb6 17. Rxa7 Ra8 18. Rxa8 Rxa8 19. Qd3 Qd8 20. Be3 b6 21. Ra1
Rxa1+ 22. Nxa1 Nc5 23. Qa3 Ne8 24. Nc2 Bg5 25. Bf2 Bd2 26. Nb4 Bxb4 27. Qxb4
Qg5 28. Qb1 f5 29. Bxc5 bxc5 30. Bd3 fxe4 31. Nxd6 Nxd6 32. Qb8+ Kf7 33. Qc7+
Qe7 34. Qxc5 exd3 0-1

[Event "V Open B"]
[Site "Assisi ITA"]
[Date "2010.12.17"]
[Round "2"]
[White "Sorbelli, Massimo"]
[Black "Malek, Dellair"]
[Result "1/2-1/2"]
[WhiteElo "1899"]
[BlackElo "2122"]
[PlyCount "51"]
[EventDate "2010.12.17"]

1. d4 d5 2. Bf4 Nf6 3. Nd2 g6 4. Ngf3 Bg7 5. h3 O-O 6. e3 c5 7. c3 cxd4 8. cxd4
Nc6 9. Rc1 Nd7 10. Be2 Qa5 11. a3 e5 12. dxe5 Ndxe5 13. Nxe5 Nxe5 14. O-O Qb6
15. b4 a5 16. b5 a4 17. Nb1 Be6 18. Qd2 Rfd8 19. Qb4 Bf8 20. Qd4 Qxd4 21. exd4
Nc4 22. Rc3 Rac8 23. Rfc1 Bg7 24. Be3 Ra8 25. Bxc4 dxc4 26. Nd2 1/2-1/2

[Event "V Open B"]
[Site "Assisi ITA"]
[Date "2010.12.17"]
[Round "2"]
[White "Trasciatti, Mirko"]
[Black "Herbert, Michael"]
[Result "1-0"]
[WhiteElo "1921"]
[BlackElo "1820"]
[PlyCount "45"]
[EventDate "2010.12.17"]

1. e4 g6 2. d4 Bg7 3. Nc3 c5 4. Nf3 cxd4 5. Nxd4 Nc6 6. Be3 Qa5 7. Qd2 Nf6 8.
f3 d6 9. Nb3 Qd8 10. Bh6 O-O 11. O-O-O Be6 12. Bxg7 Kxg7 13. Nd5 Bxd5 14. exd5
Ne5 15. h4 h5 16. f4 Neg4 17. f5 Ne5 18. Nd4 Qd7 19. Bb5 Qc7 20. fxg6 Nxg6 21.
Nf5+ Kg8 22. Qh6 Ne8 23. Bxe8 1-0

[Event "V Open B"]
[Site "Assisi ITA"]
[Date "2010.12.17"]
[Round "2"]
[White "Vincenzi, Marco"]
[Black "Ognibene, Piero"]
[Result "1-0"]
[WhiteElo "2097"]
[BlackElo "1891"]
[PlyCount "151"]
[EventDate "2010.12.17"]

1. e4 e5 2. Nf3 Nc6 3. Bb5 g6 4. d4 Nxd4 5. Nxd4 exd4 6. Qxd4 Qf6 7. e5 Qb6 8.
Qxb6 axb6 9. O-O Bg7 10. Re1 Ne7 11. Bg5 Nc6 12. Nc3 Nd4 13. Bd3 O-O 14. Nd5
Ne6 15. Be7 Re8 16. Nf6+ Bxf6 17. Bxf6 Ra5 18. h4 h5 19. g3 Rd5 20. Be4 Rd4 21.
Rad1 Rxd1 22. Rxd1 Nf8 23. f4 d6 24. Bf3 Nh7 25. Kf2 Nxf6 26. exf6 Re6 27. Rd3
Kf8 28. Ra3 Ke8 29. Ra8 Kd7 30. g4 Rxf6 31. Kg3 c6 32. gxh5 gxh5 33. Bxh5 Kc7
34. Ra3 Be6 35. Re3 Kd7 36. b3 Rh6 37. f5 Rxh5 38. fxe6+ fxe6 39. Kg4 Rf5 40.
h5 Ke7 41. h6 Rf7 42. Kg5 Rf5+ 43. Kg6 Rf6+ 44. Kg7 Rf7+ 45. Kg8 Rf8+ 46. Kg7
Rf7+ 47. Kg6 Rf6+ 48. Kg5 Rf5+ 49. Kg4 Rf7 50. Rh3 Rh7 51. Kg5 Kf7 52. Rf3+ Kg8
53. Kg6 Re7 54. c4 d5 55. Rf6 e5 56. cxd5 cxd5 57. Rd6 Re8 58. Rxd5 e4 59. h7+
Kh8 60. Kf7 Rc8 61. Re5 Rc7+ 62. Kg6 Rc6+ 63. Kf5 Kxh7 64. Re7+ Kg8 65. Kxe4
Rc2 66. Rxb7 Rxa2 67. Rxb6 Kf7 68. Kd4 Rc2 69. Kd3 Rc1 70. Kd2 Rc8 71. Ke2 Ke7
72. Rb4 Rc6 73. Ke3 Ke6 74. Rb8 Ke5 75. Rb7 Ke6 76. Rb4 {...} 1-0

[Event "V Open B"]
[Site "Assisi ITA"]
[Date "2010.12.18"]
[Round "3"]
[White "Bartoli Langeli, Cesare"]
[Black "Marcugini, Stefano"]
[Result "0-1"]
[WhiteElo "1410"]
[BlackElo "1834"]
[PlyCount "63"]
[EventDate "2010.12.17"]

1. d4 Nf6 2. Nf3 g6 3. e3 Bg7 4. Bd3 O-O 5. c3 d5 6. Nbd2 Nbd7 7. O-O c5 8. Re1
b6 9. e4 dxe4 10. Nxe4 Bb7 11. Qc2 Qc7 12. Bg5 Rfe8 13. Bh4 c4 14. Nxf6+ Nxf6
15. Be2 Nd7 16. Qa4 Bxf3 17. Bxf3 b5 18. Qc2 Rac8 19. Bxe7 Ne5 20. dxe5 Rxe7
21. Bg4 Rce8 22. f4 f6 23. Qf2 fxe5 24. f5 Rf8 25. a4 gxf5 26. Bxf5 e4 27. g4
b4 28. Qg2 bxc3 29. bxc3 Bxc3 30. Bxe4 Bxa1 31. Rxa1 Qc5+ 32. Kh1 0-1

[Event "V Open B"]
[Site "Assisi ITA"]
[Date "2010.12.18"]
[Round "3"]
[White "Ferri, Fabio"]
[Black "Trasciatti, Mirko"]
[Result "1/2-1/2"]
[WhiteElo "1810"]
[BlackElo "1921"]
[PlyCount "45"]
[EventDate "2010.12.17"]

1. c4 e5 2. Nc3 d6 3. Nf3 f5 4. d3 Nf6 5. e4 Be7 6. Be2 O-O 7. O-O Nc6 8. Bg5
f4 9. d4 h6 10. Bxf6 Bxf6 11. dxe5 Nxe5 12. Nxe5 Bxe5 13. Qd2 f3 14. Bxf3 Rxf3
15. gxf3 Qh4 16. Rfe1 Be6 17. Nd5 Bxh2+ 18. Kf1 Rf8 19. Re3 c6 20. Ke2 cxd5 21.
cxd5 Bh3 22. Qb4 Bf4 23. Ra3 1/2-1/2

[Event "V Open B"]
[Site "Assisi ITA"]
[Date "2010.12.18"]
[Round "3"]
[White "Herbert, Michael"]
[Black "Bassini, Massimo"]
[Result "1-0"]
[WhiteElo "1820"]
[BlackElo "1562"]
[PlyCount "101"]
[EventDate "2010.12.17"]

1. d4 g6 2. c4 Bg7 3. Nc3 d6 4. Nf3 b6 5. Bf4 Nf6 6. e3 O-O 7. Bd3 c5 8. O-O
Bg4 9. h3 Bxf3 10. Qxf3 Nbd7 11. d5 Nh5 12. Bh2 Ne5 13. Qe2 Nxd3 14. Qxd3 Nf6
15. e4 Nd7 16. f4 f5 17. Rae1 fxe4 18. Qxe4 Rf7 19. f5 gxf5 20. Rxf5 Rxf5 21.
Qxf5 Ne5 22. Qe6+ Kh8 23. Re4 Bf6 24. Ne2 Qg8 25. Qf5 Qg6 26. Qxg6 Nxg6 27. b3
Ne5 28. Nf4 Rg8 29. Kf1 Ng6 30. Ne6 Be5 31. Bg1 Nf8 32. Nd8 Ng6 33. Nf7+ Kg7
34. Nxe5 Nxe5 35. Bh2 Rf8+ 36. Ke2 Rf5 37. g4 Rg5 38. Bf4 Rg6 39. Bxe5+ dxe5
40. Rxe5 Kf7 41. Kf3 Rd6 42. h4 e6 43. Rxe6 Rxe6 44. dxe6+ Kxe6 45. Ke4 a6 46.
a4 a5 47. g5 Kd6 48. h5 Ke6 49. g6 hxg6 50. hxg6 Kf6 51. Kd5 1-0

[Event "V Open B"]
[Site "Assisi ITA"]
[Date "2010.12.18"]
[Round "3"]
[White "Kehrel, Eike"]
[Black "Sorbelli, Massimo"]
[Result "1/2-1/2"]
[WhiteElo "2072"]
[BlackElo "1899"]
[PlyCount "46"]
[EventDate "2010.12.17"]

1. e4 c5 2. Nf3 Nc6 3. d4 cxd4 4. Nxd4 e6 5. Nc3 a6 6. g3 Bb4 7. Bg2 Nge7 8.
O-O O-O 9. Nde2 b5 10. Bf4 e5 11. Bg5 f6 12. Be3 d6 13. a4 Rb8 14. axb5 axb5
15. Qd3 Bc5 16. Nxb5 Nb4 17. Qc4+ Kh8 18. Bxc5 dxc5 19. Qxc5 Nxc2 20. Rfd1 Nd4
21. Nexd4 exd4 22. Ra7 Ng6 23. Rxd4 Rxb5 1/2-1/2

[Event "V Open B"]
[Site "Assisi ITA"]
[Date "2010.12.18"]
[Round "3"]
[White "Malek, Dellair"]
[Black "Bertolini, Ettore"]
[Result "1/2-1/2"]
[WhiteElo "2122"]
[BlackElo "1817"]
[PlyCount "87"]
[EventDate "2010.12.17"]

1. c4 e5 2. g3 Nf6 3. Bg2 Nc6 4. Nc3 Bb4 5. e3 O-O 6. Nge2 Re8 7. O-O b6 8. Nd5
Bd6 9. b3 Bb7 10. Bb2 Nxd5 11. Bxd5 Na5 12. Bxb7 Nxb7 13. d4 e4 14. Kg2 Qg5 15.
Nf4 Bxf4 16. exf4 Qh6 17. Bc1 f5 18. Be3 d6 19. Rc1 Rad8 20. Qe2 c5 21. d5 a5
22. h3 Ra8 23. a4 Rf8 24. Rh1 Rae8 25. g4 Qg6 26. g5 h5 27. Kg3 Qf7 28. g6
Qxg6+ 29. Kh2 Kh7 30. Rcg1 Qh6 31. Rg5 g6 32. Rhg1 Rg8 33. Bc1 Nd8 34. Qb2 Nf7
35. R5g2 Qf8 36. Qc3 Qg7 37. Qc2 Qf6 38. Rg3 Nh6 39. Rg5 Nf7 40. Bb2 Qe7 41.
R5g3 Qh4 42. Qc3 Qxf4 43. Qf6 Nh6 44. Kh1 1/2-1/2

[Event "V Open B"]
[Site "Assisi ITA"]
[Date "2010.12.18"]
[Round "3"]
[White "Ognibene, Piero"]
[Black "Balducci, Alessandro"]
[Result "1-0"]
[WhiteElo "1891"]
[BlackElo "1743"]
[PlyCount "55"]
[EventDate "2010.12.17"]

1. d4 Nf6 2. c4 g6 3. Nc3 d5 4. cxd5 Nxd5 5. e4 Nxc3 6. bxc3 Bg7 7. Bc4 O-O 8.
Ne2 c5 9. O-O Nc6 10. Be3 Na5 11. Bb3 Nxb3 12. Qxb3 cxd4 13. cxd4 b6 14. Rfd1
Bb7 15. f3 Qd7 16. Rac1 Rac8 17. d5 Rxc1 18. Rxc1 Rc8 19. Rxc8+ Bxc8 20. Bd4 e6
21. Bxg7 Kxg7 22. dxe6 Qxe6 23. Qc3+ Kg8 24. Nf4 Qd7 25. Nd5 Qe6 26. Qxc8+ Kg7
27. Qxe6 fxe6 28. Ne7 1-0

[Event "V Open B"]
[Site "Assisi ITA"]
[Date "2010.12.18"]
[Round "3"]
[White "Orlacchio, Giorgio"]
[Black "Rocchetti, Sergio"]
[Result "1-0"]
[WhiteElo "1428"]
[BlackElo "1422"]
[PlyCount "66"]
[EventDate "2010.12.17"]

1. d4 Nf6 2. c4 e6 3. Nc3 Bb4 4. Bd2 d5 5. e3 c5 6. Nf3 Nc6 7. dxc5 Bxc5 8.
cxd5 Nxd5 9. a3 a5 10. Qc2 Ba7 11. Bd3 h6 12. Nxd5 exd5 13. Bc3 O-O 14. O-O d4
15. exd4 Bxd4 16. Rad1 Kh8 17. Be4 Qc7 18. Bxd4 Qf4 19. Bxc6 bxc6 20. Qxc6 Ra6
21. Qc3 Rg6 22. Be5 Qg4 23. Bg3 f6 24. Rfe1 Bb7 25. Qc5 Rc8 26. Qe3 h5 27. h3
Qa4 28. Qd3 Rh6 29. Qd7 Qb3 30. Nd4 Qb6 31. Ne6 Rg6 32. Qf7 Rxg3 33. Nf4 g5 1-0

[Event "V Open B"]
[Site "Assisi ITA"]
[Date "2010.12.18"]
[Round "3"]
[White "Paragliola, Gennaro"]
[Black "Pulcini, Lorenzo"]
[Result "1/2-1/2"]
[WhiteElo "1614"]
[BlackElo "1515"]
[PlyCount "50"]
[EventDate "2010.12.17"]

1. d4 Nf6 2. c4 g6 3. Nc3 Bg7 4. e4 d6 5. Nf3 O-O 6. Be2 e5 7. d5 a5 8. O-O Na6
9. Be3 Ng4 10. Bg5 Qe8 11. h3 Nf6 12. Qd2 Nc5 13. Qe3 Bd7 14. Nd2 a4 15. b4
axb3 16. axb3 Kh8 17. Rfb1 Rxa1 18. Rxa1 Ng8 19. b4 Na6 20. b5 Nc5 21. Na4 Nxa4
22. Rxa4 h6 23. Bh4 f5 24. exf5 gxf5 25. Qa7 Qb8 1/2-1/2

[Event "V Open B"]
[Site "Assisi ITA"]
[Date "2010.12.18"]
[Round "3"]
[White "Radatti, Michele"]
[Black "Schintu, Enrico"]
[Result "1-0"]
[WhiteElo "1449"]
[BlackElo "1700"]
[PlyCount "95"]
[EventDate "2010.12.17"]

1. e4 c5 2. Nf3 d6 3. d4 cxd4 4. Nxd4 Nc6 5. Bb5 Qb6 6. Be3 Qa5+ 7. Nc3 Bd7 8.
O-O Nf6 9. h3 Nxd4 10. Bxd7+ Nxd7 11. Qxd4 e5 12. Qd5 Qxd5 13. Nxd5 Kd8 14. c4
Be7 15. b4 b6 16. a4 Nf6 17. Nc3 Kd7 18. a5 bxa5 19. Rxa5 Rhc8 20. c5 dxc5 21.
bxc5 Ke8 22. Rc1 Rc6 23. f3 Bf8 24. Ra4 a5 25. Nd5 Rac8 26. Nxf6+ gxf6 27. Rb1
Ke7 28. g4 Ke6 29. Kg2 Ra6 30. Kg3 Be7 31. Rb6+ Rxb6 32. cxb6 Bb4 33. Ra1 Rb8
34. Rc1 a4 35. Bc5 Bxc5 36. Rxc5 Rxb6 37. Ra5 Rb4 38. Ra6+ Ke7 39. Kh4 Kf8 40.
Rxf6 Rb1 41. Ra6 Ra1 42. Kg5 Kg7 43. Kf5 a3 44. Kxe5 a2 45. Ra7 Kg6 46. h4 f6+
47. Kf4 Rh1 48. h5+ 1-0

[Event "V Open B"]
[Site "Assisi ITA"]
[Date "2010.12.18"]
[Round "3"]
[White "Romano, Claudio"]
[Black "Rybytskyi, Stepan"]
[Result "1/2-1/2"]
[WhiteElo "1749"]
[BlackElo "1536"]
[PlyCount "154"]
[EventDate "2010.12.17"]

1. c4 c5 2. Nc3 Nc6 3. g3 e6 4. Bg2 Nf6 5. e3 Be7 6. d4 cxd4 7. exd4 d5 8. Nge2
dxc4 9. Qa4 Bd7 10. Qxc4 Rc8 11. Qd3 Nb4 12. Qd1 Bc6 13. O-O Bxg2 14. Kxg2 O-O
15. h3 Nbd5 16. Qb3 Qd7 17. Kh2 a6 18. Bg5 Bd6 19. Nxd5 Nxd5 20. Bd2 Nf6 21.
Rac1 Ne4 22. Be3 h6 23. f3 Nf6 24. Bf4 Bxf4 25. Nxf4 Rxc1 26. Rxc1 Qxd4 27. Qc2
Rd8 28. Qe2 Qd2 29. Rc2 Qa5 30. a3 Qb6 31. Rd2 Rxd2 32. Qxd2 Qc6 33. Qe2 Nd5
34. Ng2 b5 35. Ne1 a5 36. Qc2 Qb6 37. Qe2 b4 38. axb4 axb4 39. h4 b3 40. Nd3
Qc6 41. Kg1 Qb6+ 42. Qf2 Qa5 43. Kf1 Qa1+ 44. Qe1 Qa6 45. Qe2 Qb6 46. Qf2 Qc6
47. Qc5 Qa6 48. Ke2 Qa1 49. Qc1 Qa7 50. Qc5 Qb8 51. Kf2 Qb6 52. Qxb6 Nxb6 53.
Nc5 Nc4 54. Na4 g5 55. hxg5 hxg5 56. Ke2 Kg7 57. Kd3 Ne5+ 58. Ke4 Kf6 59. Nc5
Nc4 60. Nxb3 Nxb2 61. Nc5 Nc4 62. g4 Ke7 63. Nd3 Nd6+ 64. Ke3 f5 65. gxf5 exf5
66. Kd4 Kf6 67. Nf2 Nf7 68. Kd5 Nh6 69. Kd4 g4 70. fxg4 Nxg4 71. Nd3 Kg5 72.
Kd5 Ne3+ 73. Kd4 Ng2 74. Kc3 Kg4 75. Kd2 Kf3 76. Ne5+ Ke4 77. Ng6 Nf4 1/2-1/2

[Event "V Open B"]
[Site "Assisi ITA"]
[Date "2010.12.18"]
[Round "3"]
[White "Tortolini, Francesco"]
[Black "Vincenzi, Marco"]
[Result "0-1"]
[WhiteElo "1914"]
[BlackElo "2097"]
[PlyCount "64"]
[EventDate "2010.12.17"]

1. e4 e5 2. Nf3 Nc6 3. Bc4 Nf6 4. Ng5 d5 5. exd5 Na5 6. Bb5+ c6 7. dxc6 bxc6 8.
Qf3 h6 9. Ne4 Nd5 10. Ba4 Be7 11. c3 Qc7 12. b4 Nb7 13. O-O O-O 14. d3 f5 15.
Ng3 Be6 16. a3 Nd6 17. Qe2 Bf6 18. Nh5 Rae8 19. Nxf6+ Rxf6 20. Qxe5 Rg6 21. c4
Nb6 22. Bd1 Bd5 23. Qc3 Rxg2+ 24. Kh1 Ne4 25. Kxg2 Nxc3+ 26. cxd5 Nbxd5 27.
Nxc3 Nxc3 28. Bb3+ Kh7 29. Bb2 Ne2 30. Rae1 Qf4 31. f3 Qd2 32. Bc1 Nxc1+ 0-1

[Event "V Open B"]
[Site "Assisi ITA"]
[Date "2010.12.18"]
[Round "4"]
[White "Bassini, Massimo"]
[Black "Balducci, Alessandro"]
[Result "0-1"]
[WhiteElo "1562"]
[BlackElo "1743"]
[PlyCount "56"]
[EventDate "2010.12.17"]

1. d4 Nf6 2. Nf3 g6 3. c4 Bg7 4. Nc3 d5 5. Bf4 O-O 6. e3 c6 7. Bd3 Bg4 8. h3
Bxf3 9. Qxf3 e6 10. O-O Nbd7 11. c5 Re8 12. b4 e5 13. dxe5 Nxe5 14. Bxe5 Rxe5
15. Ne2 Ne4 16. Qf4 Rf5 17. Qh2 Bxa1 18. Rxa1 Qf6 19. Nd4 Rxf2 20. Bxe4 dxe4
21. Qg3 Rb2 22. Rf1 Qg7 23. a3 Re8 24. Qd6 Qe5 25. Qd7 Re7 26. Qg4 h5 27. Qd1
Qd5 28. Qc1 Qa2 0-1

[Event "V Open B"]
[Site "Assisi ITA"]
[Date "2010.12.18"]
[Round "4"]
[White "Bertolini, Ettore"]
[Black "Tortolini, Francesco"]
[Result "1/2-1/2"]
[WhiteElo "1817"]
[BlackElo "1914"]
[PlyCount "92"]
[EventDate "2010.12.17"]

1. e4 d5 2. exd5 Qxd5 3. Nc3 Qa5 4. Nf3 Nf6 5. Be2 Bf5 6. O-O e6 7. d4 Nbd7 8.
Bd2 c6 9. a3 Qc7 10. b4 Bd6 11. h3 O-O 12. Nh4 Bg6 13. Nxg6 hxg6 14. Bf3 Rad8
15. Bg5 Bf4 16. Bxf4 Qxf4 17. Ne2 Qh4 18. c3 Ne5 19. Ng3 Nxf3+ 20. Qxf3 Rd5 21.
Rfe1 Rfd8 22. Ne4 Nxe4 23. Rxe4 Qg5 24. Qe3 Qxe3 25. Rxe3 Kf8 26. Rae1 a5 27.
Re5 Rxe5 28. Rxe5 axb4 29. axb4 Ra8 30. Kf1 Ra3 31. Re3 Ke7 32. Ke2 Ra2+ 33.
Kf3 Rc2 34. b5 Kd6 35. bxc6 bxc6 36. g4 g5 37. Kg3 f6 38. f4 gxf4+ 39. Kxf4 g5+
40. Ke4 Rf2 41. Kd3 f5 42. gxf5 exf5 43. Rg3 f4 44. Rxg5 Rf3+ 45. Ke4 Rxc3 46.
Rg6+ Kc7 1/2-1/2

[Event "V Open B"]
[Site "Assisi ITA"]
[Date "2010.12.18"]
[Round "4"]
[White "Marcugini, Stefano"]
[Black "Romano, Claudio"]
[Result "1-0"]
[WhiteElo "1834"]
[BlackElo "1749"]
[PlyCount "95"]
[EventDate "2010.12.17"]

1. e4 d5 2. exd5 Qxd5 3. Nc3 Qd8 4. d4 Nf6 5. Nf3 e6 6. Bg5 Be7 7. Be2 O-O 8.
Qd3 c6 9. O-O-O Nbd7 10. Ne5 Nxe5 11. dxe5 Qxd3 12. Rxd3 Nd5 13. Bxe7 Nxe7 14.
Rhd1 Nd5 15. g3 a5 16. Bf3 b5 17. Ne4 Ba6 18. Nc5 b4 19. Rd4 Bb5 20. R1d2 Rac8
21. h4 Rfe8 22. Rg4 h6 23. Nb7 Re7 24. Nd6 Rd8 25. Nxb5 cxb5 26. Rgd4 Rdd7 27.
Bxd5 exd5 28. f4 Rd8 29. Rxd5 Rxd5 30. Rxd5 Rb7 31. Kd2 Kf8 32. Kd3 Ke7 33. g4
g6 34. f5 h5 35. fxg6 fxg6 36. g5 Ke6 37. Ke4 Rc7 38. Rd6+ Ke7 39. Kd3 Rc4 40.
Rd4 Ke6 41. Rxc4 bxc4+ 42. Kxc4 Kxe5 43. c3 Kf4 44. cxb4 axb4 45. Kxb4 Kg4 46.
a4 Kxh4 47. a5 Kxg5 48. a6 1-0

[Event "V Open B"]
[Site "Assisi ITA"]
[Date "2010.12.18"]
[Round "4"]
[White "Ognibene, Piero"]
[Black "Kehrel, Eike"]
[Result "1-0"]
[WhiteElo "1891"]
[BlackElo "2072"]
[PlyCount "111"]
[EventDate "2010.12.17"]

1. d4 Nf6 2. c4 e6 3. Nc3 Bb4 4. Nf3 c5 5. Bd2 cxd4 6. Nxd4 O-O 7. e3 Nc6 8.
Nxc6 bxc6 9. Bd3 d5 10. cxd5 exd5 11. O-O Bd6 12. Qc2 Rb8 13. Ne2 Re8 14. Ng3
g6 15. Bc3 Ng4 16. Rae1 Qh4 17. h3 Ne5 18. e4 Nxd3 19. Qxd3 Be6 20. Qd4 f6 21.
Qxf6 Qxf6 22. Bxf6 Kf7 23. Bc3 d4 24. Bxd4 Bc4 25. Bxa7 Rb7 26. Bd4 Bxf1 27.
Nxf1 Be5 28. Bxe5 Rxe5 29. Re2 Ra5 30. b3 Rba7 31. a4 Rc5 32. Rb2 Rc3 33. f3 c5
34. Nd2 Rb7 35. Ra2 Ke6 36. Kf2 Ke5 37. Ke2 Kd4 38. a5 Ke5 39. a6 Ra7 40. Ra4
Kd6 41. Ra3 Kc7 42. e5 Kc6 43. g3 c4 44. Nxc4 Rc2+ 45. Ke3 Rc1 46. f4 Rc3+ 47.
Kf2 h5 48. Ne3 Kb5 49. e6 Rc6 50. f5 gxf5 51. Nxf5 Kb4 52. Ra4+ Kxb3 53. Nd4+
Kxa4 54. Nxc6 Ra8 55. e7 Re8 56. a7 1-0

[Event "V Open B"]
[Site "Assisi ITA"]
[Date "2010.12.18"]
[Round "4"]
[White "Paragliola, Gennaro"]
[Black "Bartoli Langeli, Cesare"]
[Result "0-1"]
[WhiteElo "1614"]
[BlackElo "1410"]
[PlyCount "124"]
[EventDate "2010.12.17"]

1. d4 d5 2. c4 c6 3. cxd5 cxd5 4. Nc3 Nf6 5. Nf3 e6 6. Bg5 Nbd7 7. e3 Be7 8.
Bd3 O-O 9. O-O Qb6 10. Qc2 Qd8 11. Ne5 Nxe5 12. dxe5 Ne4 13. Bxe7 Qxe7 14. Nxe4
dxe4 15. Bxe4 g6 16. Rac1 Rb8 17. Qc7 Qxc7 18. Rxc7 Rd8 19. Rfc1 Kg7 20. Kf1 a5
21. Ke1 b6 22. Re7 Rd7 23. Rc7 Rxe7 24. Rxe7 Ba6 25. Bc2 Rc8 26. Bb3 Bc4 27.
Bxc4 Rxc4 28. Kd2 b5 29. Rb7 Rc5 30. a3 a4 31. f4 Kf8 32. g4 h6 33. e4 Kg7 34.
h4 Kg8 35. g5 hxg5 36. hxg5 Kg7 37. Kd3 Kg8 38. Kd4 Rc4+ 39. Ke3 Rc5 40. Kd3
Kg7 41. Rb8 Kh7 42. Rd8 Rc1 43. Rd4 Rc8 44. Rb4 Rd8+ 45. Rd4 Rc8 46. Rd7 Kg7
47. Rb7 Rc5 48. Rd7 Rc1 49. Kd2 Rc4 50. Ke3 Rc2 51. Rd2 Rc7 52. Kd3 Kf8 53. Rc2
Rxc2 54. Kxc2 Ke7 55. Kc3 Kd7 56. Kb4 Kc6 57. b3 axb3 58. Kxb3 Kc5 59. Kc3 Kc6
60. Kb4 Kb6 61. a4 bxa4 62. Kxa4 Kc5 0-1

[Event "V Open B"]
[Site "Assisi ITA"]
[Date "2010.12.18"]
[Round "4"]
[White "Pulcini, Lorenzo"]
[Black "Federici, Giacomo"]
[Result "1-0"]
[WhiteElo "1515"]
[BlackElo "1356"]
[PlyCount "56"]
[EventDate "2010.12.17"]

1. e4 e6 2. d3 d5 3. Nd2 dxe4 4. dxe4 Nc6 5. Ngf3 Bd6 6. g3 Bd7 7. Bg2 e5 8.
O-O Be6 9. c3 h6 10. Nb3 Nf6 11. Re1 Qd7 12. Be3 b6 13. Qc2 Ng4 14. Rad1 Qc8
15. Nh4 Nxe3 16. Rxe3 Ne7 17. c4 O-O 18. Qc3 Rb8 19. Red3 Qe8 20. Nf3 f5 21.
Nxe5 Ng6 22. Nxg6 Qxg6 23. exf5 Bxf5 24. Bd5+ Kh7 25. Re3 Rfe8 26. Nd4 Be4 27.
Bxe4 Rxe4 28. Rxe4 Qxe4 1-0

[Event "V Open B"]
[Site "Assisi ITA"]
[Date "2010.12.18"]
[Round "4"]
[White "Rocchetti, Sergio"]
[Black "Radatti, Michele"]
[Result "1-0"]
[WhiteElo "1422"]
[BlackElo "1449"]
[PlyCount "58"]
[EventDate "2010.12.17"]

1. d4 Nf6 2. Nf3 e6 3. c4 d5 4. Nc3 Bb4 5. Qc2 O-O 6. Bg5 dxc4 7. e4 h6 8. Bh4
Be7 9. Bxc4 b6 10. Rd1 Bb7 11. d5 exd5 12. Bxf6 Bxf6 13. Bxd5 Bxc3+ 14. Qxc3
Bxd5 15. Rxd5 Qe7 16. Re5 Qd7 17. O-O Qc6 18. Qe3 Nd7 19. Rc1 Qa4 20. Re7 Rac8
21. b3 Qxa2 22. Rxd7 Qa3 23. Rdxc7 Rxc7 24. Rxc7 Rd8 25. g3 Rd1+ 26. Kg2 Qa1
27. Qf4 Rh1 28. Qxf7+ Kh7 29. Qf5+ Kg8 1-0

[Event "V Open B"]
[Site "Assisi ITA"]
[Date "2010.12.18"]
[Round "4"]
[White "Rybytskyi, Stepan"]
[Black "Orlacchio, Giorgio"]
[Result "1-0"]
[WhiteElo "1536"]
[BlackElo "1428"]
[PlyCount "67"]
[EventDate "2010.12.17"]

1. e4 c5 2. Bc4 d6 3. Nf3 Nf6 4. d3 g6 5. a3 Bg7 6. Nc3 Nc6 7. h3 O-O 8. O-O
Nd7 9. Re1 Nde5 10. Ba2 a6 11. Bf4 b5 12. Nd5 Nxf3+ 13. Qxf3 Bxb2 14. Rab1 Bg7
15. Qg3 Be6 16. c4 Rb8 17. h4 h5 18. Bb3 Bxd5 19. exd5 Nd4 20. Bd1 Nf5 21. Qh3
Re8 22. Bxh5 Nd4 23. Bd1 Qa5 24. Bg4 Nc2 25. Re2 Nxa3 26. Rbe1 Kf8 27. h5 gxh5
28. Qxh5 bxc4 29. dxc4 Qc3 30. Bd7 Qxc4 31. Bxd6 Nc2 32. Bxe8 Rxe8 33. Rxe7
Rxe7 34. Rxe7 1-0